Nhận diện gen tổng hợp Enzyme Phytase ở vi khuẩn Pseudomonas stutzeri và ứng dụng Phytase để cải thiện chất lượng phân hữu cơ và thức ăn gia cầm : Luận văn Thạc sĩ Khoa học. Chuyên ngành: Sinh thái học
Đề tài nghiên cứu về thí nghiệm nhận diện gen tổng hợp Enzyme Phytase ở vi khuẩn Pseudomonas stutzeri và ứng dụng Phytase để cải thiện chất lượng phân hữu cơ và thức ăn gia cầm.
Sparad:
| Huvudupphovsman: | |
|---|---|
| Materialtyp: | Bok |
| Språk: | Undetermined |
| Publicerad: |
Cần Thơ
Trường Đại học Cần Thơ
2010
|
| Ämnen: | |
| Taggar: |
Lägg till en tagg
Inga taggar, Lägg till första taggen!
|
| Thư viện lưu trữ: | Trung tâm Học liệu Trường Đại học Cần Thơ |
|---|
| LEADER | 01317nam a2200217Ia 4500 | ||
|---|---|---|---|
| 001 | CTU_162081 | ||
| 008 | 210402s9999 xx 000 0 und d | ||
| 082 | |a 660.634 | ||
| 082 | |b A107 | ||
| 088 | |a 60420201 | ||
| 100 | |a Nguyễn, Thị Ngọc Ánh | ||
| 245 | 0 | |a Nhận diện gen tổng hợp Enzyme Phytase ở vi khuẩn Pseudomonas stutzeri và ứng dụng Phytase để cải thiện chất lượng phân hữu cơ và thức ăn gia cầm : | |
| 245 | 0 | |b Luận văn Thạc sĩ Khoa học. Chuyên ngành: Sinh thái học | |
| 245 | 0 | |c Nguyễn Thị Ngọc Ánh; Cao Ngọc Điệp ( Hướng dẫn Khoa học ) | |
| 260 | |a Cần Thơ | ||
| 260 | |b Trường Đại học Cần Thơ | ||
| 260 | |c 2010 | ||
| 520 | |a Đề tài nghiên cứu về thí nghiệm nhận diện gen tổng hợp Enzyme Phytase ở vi khuẩn Pseudomonas stutzeri và ứng dụng Phytase để cải thiện chất lượng phân hữu cơ và thức ăn gia cầm. | ||
| 650 | |a Biotechnology,Molecular biology,Biochemical engineering,Công nghệ sinh học,Sinh học phân tử,Công nghệ hóa sinh học | ||
| 904 | |i Nhớ, Năm | ||
| 980 | |a Trung tâm Học liệu Trường Đại học Cần Thơ | ||